Italian Surnames - Sudden Death (D) - Statistics

General Stats
  • This quiz has been taken 28 times
  • The average score is 5 of 15
Answers on the Grid
Answers color-coded by a green-red scale on the quiz's grid according to % correct below.
De Grandi
Degasperi
Disraeli
Doni
Donizetti
David
Delon
De Silva
Drago
Din
Dan
Daglia
De André
De Ros
Dulio
De Sousa
Degas
Dennis
Dach
Dragowski
Dragos
Dash
Dreyfus
Donaldson
Delano
Demure
Dzhugashvili
Doh
Duran
Dominguez
 
Answer Stats
Answer % Correct
Donizetti
82%
De Grandi
76%
Degasperi
71%
Drago
53%
Daglia
47%
Doni
41%
Dulio
41%
De André
24%
De Silva
24%
Disraeli
12%
David
6%
Delon
6%
Din
6%
Dan
0%
De Ros
0%
No matching quizzes found
Score Distribution
Percent of People with Each Score
Percentile by Number Answered
Your Score History
You have not taken this quiz